Indian agriculture since independence / (Record no. 66414)

MARC details
000 -LEADER
fixed length control field 00560nam a22001577a 4500
005 - DATE AND TIME OF LATEST TRANSACTION
control field 20120510121829.0
020 ## - INTERNATIONAL STANDARD BOOK NUMBER
International Standard Book Number 9788123749433
Terms of availability 90.00
035 ## - SYSTEM CONTROL NUMBER
System control number B-307225
037 ## - SOURCE OF ACQUISITION
Stock number DPL
Source of stock number/acquisition ENG
100 ## - MAIN ENTRY--PERSONAL NAME
Personal name Bhalla, G.S.
245 ## - TITLE STATEMENT
Title Indian agriculture since independence /
Statement of responsibility, etc by G.S. Bhalla
260 ## - PUBLICATION, DISTRIBUTION, ETC. (IMPRINT)
Place of publication, distribution, etc New Delhi
Name of publisher, distributor, etc National Book Trust, India
Date of publication, distribution, etc 2007
300 ## - PHYSICAL DESCRIPTION
Extent ix, 348p.
Dimensions 20 cms.
942 ## - ADDED ENTRY ELEMENTS (KOHA)
Source of classification or shelving scheme Dewey Decimal Classification
Item type English Books
Classification part 333.76
Call number suffix BHA
Holdings
Withdrawn status Lost status Not for loan Collection code Home library Current library Date acquired Cost, normal purchase price Full call number Barcode Cost, replacement price Koha item type
      Non-fiction Sarojini Nagar Sarojini Nagar 10/05/2012 90.00 333.76 BHA B-307225 90.00 English Books

© Delhi Public Library
Hit Counter
free hit counter